Statistics for 100 Film Quotes

Click here to take the quiz!

General Stats

  • This quiz has been taken 22 times
  • The average score is 55 of 100

Answer Stats

HintAnswer% Correct
I'm going to make him an offer he can't refuseThe Godfather
100%
You're gonna need a bigger boatJaws
94%
They're taking the Hobbits to Isengard!The Lord of the Ring: The Two Towers
94%
We'll always have ParisCasablanca
89%
Bubba was my best good friend. And even I know that ain't something you can find just around the corner.Forrest Gump
89%
It's alive, it's moving, it's alive, it's alive, it's alive, it's alive, IT'S ALIVE!Frankenstein
89%
Are you not entertained?Gladiator
89%
Frankly, my dear, I don't give a damnGone with the Wind
89%
It wasn't the airplanes, it was beauty that killed the beast.King Kong
89%
Elementary, my dear WatsonThe Adventures of Sherlock Holmes
89%
Toto, I've got a feeling we're not in Kansas anymoreThe Wizard of Oz
89%
Shagadelic, Baby!Austin Powers
83%
Roads? Where we're going, we don't need roads!Back to the Future
83%
Wilson!Cast Away
83%
Just keep swimmingFinding Nemo
83%
It's 'leviosa' not 'leviosaaaaar'Harry Potter and the Philosopher's Stone
83%
'You are without a doubt the worst pirate I’ve ever heard of.'
'But you have heard of me.'
Pirates of the Caribbean: The Curse of the Black Pearl
83%
Say hello to my little friend!Scarface
83%
What's in the booox?Se7en
83%
Ogres are like onions.Shrek
83%
Do, or do not. There is no try.Star Wars: The Empire Strikes Back
83%
Hasta la vista, babyTerminator 2: Judgement Day
83%
Mrs Robinson, you're trying to seduce me.The Graduate
83%
You take the red pill - you stay in Wonderland and I show you how deep the rabbit hole goes.The Matrix
83%
Here's Johnny!The Shining
83%
I do wish we could chat longer, but...I'm having an old friend for dinner. Bye.The Silence of the Lambs
83%
They may take our lives, but they'll never take our freedom!Braveheart
78%
Nobody puts Baby in a cornerDirty Dancing
78%
A boy's best friend is his motherPsycho
78%
If you let my daughter go now, that'll be the end of it. I will not look for you. I will not pursue you. But if you don't, I will look for you. I will find you. And I will kill you.Taken
78%
The Dude abidesThe Big Lebowski
78%
Honey! Where's my super suit?The Incredibles
78%
I see dead peopleThe Sixth Sense
78%
We better get this woman to a hospital
A hospital? What is it?
It's a big building with patients, but that's not important right now.
Airplane
72%
RosebudCitizen Kane
72%
You've got to ask yourself one question: 'Do I feel lucky?' Well, do ya, punk?Dirty Harry
72%
Wax on, wax off.Karate Kid
72%
You talkin' to me?Taxi Driver
72%
Hello, my name is Inigo Montoya. You killed my father. Prepare to die.The Princess Bride
72%
To infinity... and beyond!Toy Story
72%
They call it a Royale with cheesePulp Fiction
67%
Gentleman, you can't fight in here! This is the War Room!Dr. Strangelove
61%
26 Years Ago, We All Started Playing A Little Game. And Now We're Going To Sit Down And Finish It.Jumanji
61%
Ohana means family. Family means nobody gets left behind.Lilo and Stitch
61%
It's just a flesh wound!Monty Python and the Holy Grail
61%
Everything the light touches is our kingdom. But a king's time as ruler rises and falls like the sun. One day, the sun will set on my time here, and will rise with you as the new king.The Lion King
61%
I am KenoughBarbie
56%
I coulda had class. I coulda been a contender. I could've been somebody.On the Waterfront
56%
Now I am become Death, the destroyer of worldsOppenheimer
56%
With great power, comes great responsibility.Spider-Man
56%
You either die a hero, or live long enough to see yourself become the villan.The Dark Knight
56%
Good morning, and in case I don't see ya, good afternoon, good evening, and good night!The Truman Show
56%
The greatest trick the devil ever pulled was convincing the world he did not exist.The Usual Suspects
56%
Come with me and you'll be in a world of pure imagination~Willy Wonka & the Chocolate Factory
56%
Be excellent to each other, and party on, dudes!Bill and Ted's Excellent Adventure
50%
Life finds awayJurassic Park
50%
He's not the messiah, he's a very naughty boy!Monty Python's Life of Brian
50%
We're on a mission from GodThe Blues Brothers
50%
Get busy livin’ or get busy dyin'...That's goddamn right.The Shawshank Redemption
50%
. All those moments will be lost in time, like tears in rain...Blade Runner
44%
I wish I knew how to quit youBrokeback Mountain
44%
What we've got here is a failure to communicateCool Hand Luke
44%
I'm as mad as hell, and I'm not going to take this anymore!Network
44%
What’s the most you’ve ever lost on a coin toss?No Country for Old Men
44%
Don't forget: I'm also just a girl, standing in front of a boy, asking him to love her.Notting Hill
44%
They're here!Poltergeist
44%
My name is Dewey Finn. And no, I'm not a licensed teacher, but I have been touched by your kids. And I'm pretty sure that I've touched them.School of Rock
44%
All right, Mr Demille, I'm ready for my close-upSunset Boulevard
44%
Do you like Huey Lewis and The News? Their early work was a little too 'new wave' for my tastes, but when Sports came out in '83, I think they really came into their own, commercially and artistically.American Psycho
39%
I love you 3000Avengers: Endgame
39%
Life moves pretty fast. If you don't stop and look around once in a while, you could miss it.Ferris Bueller's Day Off
39%
I'm walking here! I'm walking here!Midnight Cowboy
39%
I drink your milkshake!There Will Be Blood
39%
I did not hit her, I did nooot! Oh, hi, Mark.The Room
39%
You met me at a very strange time in my life.Fight Club
33%
They call me Mister Tibbs!In the Heat of the Night
33%
... These go to eleven.This is Spinal Tap
33%
Choose Life. Choose a job. Choose a career. Choose a family. Choose a fucking big television, choose washing machines, cars, compact disc players and electrical tin openers. Choose good health, low cholesterol, and dental insurance.Trainspotting
33%
Not my tempoWhiplash
33%
Attica! Attica!Dog Day Afternoon
28%
So you're telling me there's a chance?Dumb and Dumber
28%
Well, nobody's perfectSome Like It Hot
28%
Son of a bitch stole my line.Good Will Hunting
22%
The pen is reeee- the pen is blue! The pen is blue!Liar Liar
22%
A million dollars isn't cool. You know what's cool? A billion dollars.The Social Network
22%
I once thought I had mono for an entire year. It turned out I was just really bored.Wayne's World
22%
I came here tonight because when you realize you want to spend the rest of your life with somebody, you want the rest of your life to start as soon as possible.When Harry Met Sally...
22%
Remember those posters that said, "Today is the first day of the rest of your life"? Well, that's true of every day except one, the day you die.American Beauty
17%
28 days, 6 hours, 42 minutes, 12 seconds. That is when the world will end.Donnie Darko
17%
There's more to life than a little money, you know. Don't you know that? And here ya are, and it's a beautiful day.Fargo
17%
We used to look up at the sky and wonder at our place in the stars. Now we just look down, and worry about our place in the dirt.Interstellar
17%
You know, this place make me wonder. Which would be worse - to live as a monster, or to die as a good man?Shutter Island
17%
Exercise gives you endorphins. Endorphins make you happy. Happy people just don't shoot their husbands. They just don'tLegally Blonde
11%
The greatest thing you'll ever learn in life is to love and be loved in returnMoulin Rouge
11%
Bread makes you fat?Scott Pilgrim vs. the World
11%
Better to be king for a night than schmuck for a lifetime.The King of Comedy
11%
I was perfect.Black Swan
6%
Meet me in Montauk.Eternal Sunshine of the Spotless Mind
6%
Now, where was I?Memento
6%
I don't want to survive. I want to live.12 Years a Slave
0%

Score Distribution

Percentile by Number Answered

Percent of People with Each Score

Your Score History

You have not taken this quiz